Абонентские устройства ГТС: справочник

Bibliografiske detaljer
Hovedforfatter: Дубровский Е. П. Евгений Петрович
Sprog:russisk
Udgivet: Москва, Радио и связь, 1986
Udgivelse:4-е изд., перераб. и доп.
Fag:
Format: MixedMaterials Bog
KOHA link:https://koha.lib.tpu.ru/cgi-bin/koha/opac-detail.pl?biblionumber=279810

MARC

LEADER 00000nam0a2200000 4500
001 279810
005 20231101235239.0
020 |a RU  |b 86-51488 
035 |a (RuTPU)RU\TPU\book\303115 
090 |a 279810 
100 |a 20141223d1986 km y0rusy5003 ca 
101 0 |a rus 
102 |a RU 
105 |a a g 001zy 
200 1 |a Абонентские устройства ГТС  |e справочник  |f Е. П. Дубровский 
205 |a 4-е изд., перераб. и доп. 
210 |a Москва  |c Радио и связь  |d 1986 
215 |a 295 с.  |c ил. 
320 |a Библиогр.: с. 294 
606 1 |a Абонентские установки  |2 stltpush  |3 (RuTPU)RU\TPU\subj\5  |9 29066 
610 1 |a городские телефонные сети 
610 1 |a гтс 
610 1 |a абонентские линии 
610 1 |a справочники 
675 |a 621.395.7(035)  |z rus  |v 4 
700 1 |a Дубровский  |b Е. П.  |g Евгений Петрович  |4 070 
801 0 |a RU  |b RuMRKP  |c 19950704  |g psbo 
801 1 |a RU  |b 63413507  |c 20141223 
801 2 |a RU  |b 63413507  |c 20180205  |g RCR 
942 |c BK